[Event "World Scholastic team cup"]
[Site "Internet Chess Club"]
[Date "2002.12.07"]
[Round "4"]
[White "Inzerilli, Carla"]
[Black "Joe"]
[Result "0-1"]
[WhiteElo "1400"]
[BlackElo "1400"]
[PlyCount "100"]
[EventDate "2002.??.??"]
[WhiteTeam "Lenguas_Vivas"]
[BlackTeam "Jinan"]

1. e4 c5 2. Nf3 Nc6 3. d4 cxd4 4. Nxd4 Nf6 5. Nc3 e5 6. Nb3 Bb4 7. Bd3 d5 8.
exd5 Nxd5 9. Bd2 Nxc3 10. Bxc3 Bxc3+ 11. bxc3 O-O 12. O-O Re8 13. Re1 Qc7 14.
Qh5 g6 15. Qf3 Be6 16. Nc5 Qe7 17. Qe3 b6 18. Bb5 Rac8 19. Nd3 f6 20. Rad1 Red8
21. Bxc6 Rxc6 22. Nb4 Rcd6 23. Rxd6 Qxd6 24. a3 Bf5 25. h3 Rc8 26. g4 Be6 27.
f4 Kf7 28. fxe5 Qxe5 29. Qf2 Qxc3 30. g5 f5 31. Qe2 Qg3+ 32. Qg2 Qxg2+ 33. Kxg2
a5 34. Nd3 Rxc2+ 35. Kg1 Rc3 36. Nf4 Bc4 37. Rb1 b5 38. a4 b4 39. Kh2 Rf3 40.
Ng2 Bd5 41. Rd1 Be4 42. Rd2 Rd3 43. Rb2 Rc3 44. Nf4 Rc2+ 45. Rxc2 Bxc2 46. Kg2
b3 47. Ne2 b2 48. Nc3 b1=Q 49. Nxb1 Bxb1 50. Kf2 Bc2 {White resigns} 0-1

[Event "World Scholastic team cup"]
[Site "Internet Chess Club"]
[Date "2002.12.07"]
[Round "5"]
[White "Gong, Qianyun"]
[Black "Debarnot, Gonzalo"]
[Result "1/2-1/2"]
[WhiteElo "1765"]
[BlackElo "1400"]
[PlyCount "28"]
[EventDate "2002.??.??"]
[WhiteTeam "Jinan"]
[BlackTeam "Escuela_Cangallo"]

1. e4 e5 2. Nf3 Nc6 3. Nc3 d6 4. g3 f5 5. d3 Nf6 6. Bg2 Be6 7. Bg5 Be7 8. Qd2
h6 9. Bxf6 Bxf6 10. exf5 Bxf5 11. Nd5 O-O 12. O-O-O Be6 13. Nxf6+ Qxf6 14. Kb1
Bd5 {Game drawn by mutual agreement} 1/2-1/2

[Event "World Scholastic team cup"]
[Site "Internet Chess Club"]
[Date "2002.12.07"]
[Round "5"]
[White "Zeng, Hui Hui"]
[Black "Li, Shilong"]
[Result "0-1"]
[WhiteElo "1223"]
[BlackElo "1400"]
[PlyCount "62"]
[EventDate "2002.??.??"]
[WhiteTeam "Escuela_Cangallo"]
[BlackTeam "Jinan"]

1. e4 e5 2. Nf3 Nc6 3. d4 exd4 4. Nxd4 Nf6 5. Nxc6 bxc6 6. e5 Qe7 7. Qe2 Nd5 8.
b3 Qh4 9. g3 Qd4 10. c3 Nxc3 11. Qd2 Qe4+ 12. Qe3 Qxh1 13. Nxc3 Ba6 14. Ne2
Bb4+ 15. Bd2 Bxd2+ 16. Qxd2 Qe4 17. Rd1 O-O 18. f4 d6 19. exd6 cxd6 20. Qxd6
Rfe8 21. Rd4 Qh1 22. Rd2 Qxh2 23. Qxc6 Qxg3+ 24. Kd1 Bxe2+ 25. Rxe2 Red8+ 26.
Rd2 Rxd2+ 27. Kxd2 Rd8+ 28. Kc2 Qf2+ 29. Kc3 Qd2+ 30. Kc4 Rd4+ 31. Kc5 Qb4# {
White checkmated} 0-1

[Event "World Scholastic team cup"]
[Site "Internet Chess Club"]
[Date "2002.12.07"]
[Round "5"]
[White "Yu, Shaoteng"]
[Black "Jimenez Espada, Rocio"]
[Result "1-0"]
[WhiteElo "1400"]
[BlackElo "1400"]
[PlyCount "53"]
[EventDate "2002.??.??"]
[WhiteTeam "Jinan"]
[BlackTeam "Escuela_Cangallo"]

1. e4 e5 2. Nf3 Nc6 3. Bc4 Nf6 4. Ng5 d5 5. exd5 Bc5 6. dxc6 O-O 7. d3 bxc6 8.
O-O Nd5 9. Nc3 Bf5 10. Nge4 Be7 11. Be3 Nxe3 12. fxe3 Bg6 13. Ng3 Qc8 14. e4
Bc5+ 15. Kh1 Rd8 16. Qf3 Bb6 17. Bxf7+ Bxf7 18. Qxf7+ Kh8 19. Nf5 Rd7 20. Qe6
Qe8 21. Qxe8+ Rxe8 22. Rf3 c5 23. Nd5 Ba5 24. Raf1 c6 25. Nfe7 Bd8 26. Rf8+
Rxf8 27. Rxf8# {Black checkmated} 1-0

[Event "World Scholastic team cup"]
[Site "Internet Chess Club"]
[Date "2002.12.07"]
[Round "5"]
[White "Beade, Matias"]
[Black "Xu, Tong"]
[Result "0-1"]
[WhiteElo "1050"]
[BlackElo "1400"]
[PlyCount "72"]
[EventDate "2002.??.??"]
[WhiteTeam "Escuela_Cangallo"]
[BlackTeam "Jinan"]

1. d4 d5 2. Nf3 Nf6 3. Nc3 e6 4. e3 Be7 5. Bb5+ c6 6. Bd3 O-O 7. e4 dxe4 8.
Nxe4 Nbd7 9. O-O Nxe4 10. Bxe4 Nf6 11. Bd3 b6 12. Bg5 Bb7 13. Bxf6 Bxf6 14. d5
cxd5 15. Qe2 Bxb2 16. Rad1 Bf6 17. Nd2 Qc7 18. c4 Rac8 19. cxd5 Bxd5 20. Qh5 g6
21. Qh6 Bg7 22. Qg5 Qb7 23. a4 Rc3 24. Rfe1 Rfc8 25. Ne4 Rxd3 26. Rxd3 Bxe4 27.
Rde3 Bd5 28. a5 h6 29. Qh4 Bxg2 30. axb6 axb6 31. f4 Bd4 32. f5 Bxe3+ 33. Rxe3
Rc1+ 34. Kf2 Rc2+ 35. Re2 Qf3+ 36. Ke1 Qf1# {White checkmated} 0-1

[Event "World Scholastic team cup"]
[Site "Internet Chess Club"]
[Date "2002.12.07"]
[Round "6"]
[White "Hungaski, Robert"]
[Black "Debarnot, Gonzalo"]
[Result "1-0"]
[WhiteElo "1400"]
[BlackElo "1183"]
[PlyCount "87"]
[EventDate "2002.??.??"]
[WhiteTeam "Lenguas_Vivas"]
[BlackTeam "Escuela_Cangallo"]

1. e4 e6 2. d4 d5 3. e5 c5 4. c3 Nc6 5. Nf3 f5 6. exf6 Qxf6 7. Bg5 Qf5 8. Bd3
Qg4 9. O-O cxd4 10. h3 Qh5 11. cxd4 Qf7 12. Nc3 h6 13. Bh4 Bb4 14. Qe2 Bxc3 15.
bxc3 Nf6 16. Bg3 b6 17. Bb5 Bd7 18. Rfe1 Rc8 19. Bxc6 Rxc6 20. Ne5 Qh5 21. Nxc6
Qxe2 22. Rxe2 O-O 23. Ne5 Bb5 24. Rb2 Ba4 25. Rb4 Bc2 26. Rc1 Be4 27. f3 Bf5
28. c4 Nh5 29. Bf2 Rc8 30. c5 Kh8 31. Nf7+ Kg8 32. Nd6 Rc7 33. Nxf5 a5 34. Rxb6
Nf4 35. Ng3 Ne2+ 36. Nxe2 Rxc5 37. Rxc5 a4 38. Rc7 Kh7 39. Nf4 h5 40. Rxe6 a3
41. Nxh5 Kh8 42. Rg6 Kg8 43. Rgxg7+ Kf8 44. Rc8# {Black checkmated} 1-0

[Event "World Scholastic team cup"]
[Site "Internet Chess Club"]
[Date "2002.12.07"]
[Round "6"]
[White "Zeng, Hui Hui"]
[Black "Inzerilli, Carla"]
[Result "0-1"]
[WhiteElo "1223"]
[BlackElo "1400"]
[PlyCount "70"]
[EventDate "2002.??.??"]
[WhiteTeam "Escuela_Cangallo"]
[BlackTeam "Lenguas_Vivas"]

1. e4 e5 2. Nf3 d6 3. d4 exd4 4. Nxd4 Be7 5. Be2 Nf6 6. Nc3 O-O 7. O-O Nc6 8.
Nxc6 bxc6 9. f3 Re8 10. Bg5 h6 11. Bxf6 Bxf6 12. Qd3 Rb8 13. b3 d5 14. Rad1 Be6
15. exd5 cxd5 16. Nxd5 Bxd5 17. Rf2 Be6 18. Qa6 Qc8 19. Qxc8 Rbxc8 20. Rd4 Bxd4
21. Kf1 Bxf2 22. Kxf2 Bf5 23. g4 Bxc2 24. Bc4 Re7 25. Kg3 Rd8 26. a4 Re3 27.
Kf4 Rde8 28. h4 Bxb3 29. Bb5 R8e7 30. g5 hxg5+ 31. hxg5 Bd1 32. Bc6 R7e6 33.
Bd7 Rxf3+ 34. Kg4 Rd3+ 35. Kf5 Rxd7 {White resigns} 0-1

[Event "World Scholastic team cup"]
[Site "Internet Chess Club"]
[Date "2002.12.07"]
[Round "6"]
[White "Kingstone, Ignacio"]
[Black "Jimenez Espada, Rocio"]
[Result "1-0"]
[WhiteElo "1400"]
[BlackElo "1400"]
[PlyCount "47"]
[EventDate "2002.??.??"]
[WhiteTeam "Lenguas_Vivas"]
[BlackTeam "Escuela_Cangallo"]

1. e4 e5 2. Nf3 Nc6 3. Bb5 Bc5 4. d4 Bb4+ 5. c3 Be7 6. dxe5 d6 7. exd6 Bxd6 8.
O-O Bg4 9. h3 Bxf3 10. Qxf3 Nf6 11. Bg5 Be7 12. Bxf6 Bxf6 13. Re1 O-O 14. Bxc6
bxc6 15. e5 Bxe5 16. Rxe5 c5 17. Rxc5 Qd6 18. Rf5 Rfe8 19. Na3 Re7 20. Qxa8+
Re8 21. Qxe8+ Qf8 22. Qxf8+ Kxf8 23. Re1 Kg8 24. Re8# {Black checkmated} 1-0

[Event "World Scholastic team cup"]
[Site "Internet Chess Club"]
[Date "2002.12.07"]
[Round "6"]
[White "Beade, Matias"]
[Black "Cavalli, Facundo"]
[Result "0-1"]
[WhiteElo "1040"]
[BlackElo "1400"]
[PlyCount "28"]
[EventDate "2002.??.??"]
[WhiteTeam "Escuela_Cangallo"]
[BlackTeam "Lenguas_Vivas"]

1. d4 Nf6 2. Nf3 d5 3. c3 Bf5 4. e3 e6 5. Bb5+ c6 6. Ba4 Nbd7 7. Bd2 Be7 8. O-O
O-O 9. Na3 Ne4 10. Bc1 Ndf6 11. Ng5 Nxg5 12. Re1 Qc7 13. c4 Ng4 14. Rf1 Qxh2# {
White checkmated} 0-1

[Event "World Scholastic team cup"]
[Site "Internet Chess Club"]
[Date "2002.12.07"]
[Round "6"]
[White "Gong, Qianyun"]
[Black "Ponce Frey, Juan Ignacio"]
[Result "1-0"]
[WhiteElo "1765"]
[BlackElo "1092"]
[PlyCount "67"]
[EventDate "2002.??.??"]
[WhiteTeam "Jinan"]
[BlackTeam "Instituto_Cardoso"]

1. e4 e5 2. Nf3 Nc6 3. Nc3 Bc5 4. Nxe5 Nxe5 5. d4 Bxd4 6. Qxd4 d6 7. Be3 Be6 8.
O-O-O f6 9. f4 Nc6 10. Qd2 Nge7 11. Be2 Qd7 12. Kb1 a6 13. Rhg1 h5 14. h3 h4
15. Nd5 Bxd5 16. exd5 Nd8 17. Bg4 f5 18. Bf3 Nf7 19. Bd4 Rh7 20. g4 g6 21. g5
O-O-O 22. Rge1 c6 23. Bf6 Re8 24. Qc3 Nd8 25. dxc6 Ndxc6 26. a3 Kb8 27. Qd3 Nc8
28. c4 Rxe1 29. Rxe1 Nb6 30. Rd1 Ka8 31. b3 Rf7 32. Qxd6 Qc8 33. c5 Nd7 34. b4
{Black forfeits on time} 1-0

[Event "World Scholastic team cup"]
[Site "Internet Chess Club"]
[Date "2002.12.07"]
[Round "6"]
[White "Soaje, Franco"]
[Black "Xu, Tong"]
[Result "1/2-1/2"]
[WhiteElo "1039"]
[BlackElo "1400"]
[PlyCount "23"]
[EventDate "2002.??.??"]
[WhiteTeam "Instituto_Cardoso"]
[BlackTeam "Jinan"]

1. e4 c5 2. c4 Nc6 3. Bd3 e5 4. Nc3 d6 5. Nf3 g6 6. Nd5 Bg7 7. O-O Nge7 8. Nxe7
Qxe7 9. Qa4 O-O 10. Be2 f5 11. exf5 Bxf5 12. d3 {Game drawn by mutual agreement
} 1/2-1/2

[Event "World Scholastic team cup"]
[Site "Internet Chess Club"]
[Date "2002.12.07"]
[Round "7"]
[White "Ponce Frey, Juan Ignacio"]
[Black "Ruiz, Sofia"]
[Result "0-1"]
[WhiteElo "1092"]
[BlackElo "1400"]
[PlyCount "82"]
[EventDate "2002.??.??"]
[WhiteTeam "Instituto_Cardoso"]
[BlackTeam "Escuela_Cangallo"]

1. e4 e5 2. Nf3 Nc6 3. Bc4 Bc5 4. d3 Nf6 5. Bg5 d6 6. h3 O-O 7. c3 Be6 8. Bb3
a5 9. O-O b5 10. a4 b4 11. c4 Nd4 12. Nbd2 Qe7 13. Re1 Rad8 14. Qc1 c6 15. Nxd4
Bxd4 16. Nf3 Bc5 17. Qc2 Bc8 18. Rad1 Rd7 19. Ba2 Qe6 20. Bb3 Nh5 21. Rc1 Nf4
22. Qd2 Ng6 23. Kh2 Bb7 24. Ba2 Qe8 25. Bb3 Qa8 26. Ba2 Qa7 27. Re2 Qb8 28. Bb3
Re8 29. Ba2 Re6 30. Bb3 Ne7 31. Nh4 Ng6 32. Nf5 Qc7 33. Ba2 Qb8 34. Bb3 Re8 35.
Ba2 Rf8 36. Bb3 Qe8 37. Ba2 Qe6 38. Bb3 Qe8 39. Ba2 h6 40. Bxh6 Qe6 41. Bxg7
Nf4 {White forfeits on time} 0-1

[Event "World Scholastic team cup"]
[Site "Internet Chess Club"]
[Date "2002.12.07"]
[Round "7"]
[White "Suez, Emanuel"]
[Black "Martinez Ponce, Gustavo"]
[Result "1-0"]
[WhiteElo "1400"]
[BlackElo "1152"]
[PlyCount "21"]
[EventDate "2002.??.??"]
[WhiteTeam "Escuela_Cangallo"]
[BlackTeam "Instituto_Cardoso"]

1. e4 Nf6 2. Nc3 e5 3. Nf3 Nc6 4. Bb5 d6 5. Bxc6+ bxc6 6. d4 exd4 7. Nxd4 d5 8.
Nxc6 dxe4 9. Nxd8 Be7 10. Nc6 Bb4 11. Qd8# {Black checkmated} 1-0

[Event "World Scholastic team cup"]
[Site "Internet Chess Club"]
[Date "2002.12.08"]
[Round "8"]
[White "Ponce Frey, Juan Ignacio"]
[Black "Hungaski, Robert"]
[Result "0-1"]
[WhiteElo "1092"]
[BlackElo "1400"]
[PlyCount "56"]
[EventDate "2002.??.??"]
[WhiteTeam "Instituto_Cardoso"]
[BlackTeam "Lenguas_Vivas"]

1. e4 e6 2. Nf3 d5 3. exd5 exd5 4. h3 Nf6 5. d4 Bd6 6. Bd3 O-O 7. O-O Nc6 8.
Bg5 h6 9. Bh4 Nb4 10. Be2 Bf5 11. c3 Nc2 12. Nbd2 Nxa1 13. Qxa1 Re8 14. Qd1 Qe7
15. Re1 c6 16. Bd3 Qd7 17. Bc2 Rxe1+ 18. Nxe1 Bxc2 19. Nxc2 Qe6 20. Nf3 Re8 21.
Kf1 Ne4 22. Ne3 g5 23. Ng4 gxh4 24. Nxh4 Bf4 25. g3 Nd2+ 26. Kg2 Bg5 27. Nf5
Qxf5 28. h4 Qe4+ {White resigns} 0-1

[Event "World Scholastic team cup"]
[Site "Internet Chess Club"]
[Date "2002.12.08"]
[Round "8"]
[White "Inzerilli, Carla"]
[Black "Martinez Ponce, Gustavo"]
[Result "1-0"]
[WhiteElo "1400"]
[BlackElo "1054"]
[PlyCount "97"]
[EventDate "2002.??.??"]
[WhiteTeam "Lenguas_Vivas"]
[BlackTeam "Instituto_Cardoso"]

1. e4 Nf6 2. Nc3 e5 3. Nf3 Nc6 4. d4 d6 5. Bg5 exd4 6. Nxd4 Nxd4 7. Qxd4 Be7 8.
Be2 h6 9. Bh4 O-O 10. O-O c5 11. Qd3 b6 12. f4 Bb7 13. Bf3 Nd7 14. Bxe7 Qxe7
15. Rae1 Rac8 16. Nb5 a6 17. Qxd6 Qxd6 18. Nxd6 Rb8 19. Nxb7 Rxb7 20. Rd1 Rd8
21. Rd2 Rbb8 22. Rfd1 Rb7 23. e5 Ra7 24. Bc6 Rc7 25. Rxd7 Rdxd7 26. Bxd7 Kf8
27. Bg4 g6 28. Kf2 f5 29. Bf3 Ke7 30. h3 Ke6 31. Bd5+ Ke7 32. Bf3 Ke6 33. g4
fxg4 34. hxg4 g5 35. Rd6+ Ke7 36. Rxh6 gxf4 37. Rh7+ Kd8 38. Rxc7 Kxc7 39. Ke2
Kd7 40. Kd3 Ke6 41. Ke4 b5 42. Kxf4 a5 43. g5 Kf7 44. Kf5 Kg7 45. e6 Kf8 46. g6
Kg8 47. e7 Kg7 48. e8=Q Kh6 49. Qh8# {Black checkmated} 1-0

[Event "World Scholastic team cup"]
[Site "Internet Chess Club"]
[Date "2002.12.08"]
[Round "9"]
[White "Hungaski, Robert"]
[Black "Kuang, Yinghui"]
[Result "1/2-1/2"]
[WhiteElo "1400"]
[BlackElo "1400"]
[PlyCount "203"]
[EventDate "2002.??.??"]
[WhiteTeam "Lenguas_Vivas"]
[BlackTeam "Jinan"]

1. e4 e5 2. Nf3 Nc6 3. Bb5 a6 4. Bxc6 dxc6 5. O-O f6 6. d4 exd4 7. Nxd4 c5 8.
Nb3 Qxd1 9. Rxd1 Bg4 10. f3 Bd7 11. Be3 c4 12. Na5 b5 13. a4 Bb4 14. axb5 axb5
15. Nb3 Rxa1 16. Nxa1 Ne7 17. c3 Bd6 18. Nc2 f5 19. Nd2 Kf7 20. Ra1 Rb8 21. f4
fxe4 22. Nxe4 Nf5 23. Nxd6+ cxd6 24. Bd4 h5 25. Ra7 Ke6 26. Kf2 g6 27. g3 Bc6
28. h3 Be4 29. Nb4 Rf8 30. Be3 g5 31. Na6 Nxe3 32. Kxe3 d5 33. Nc7+ Kf5 34.
fxg5 Ke5 35. g4 Rf3+ 36. Ke2 Rxh3 37. gxh5 Rxh5 38. Nxb5 Rh2+ 39. Ke3 Rh3+ 40.
Ke2 Kf4 41. Rf7+ Kxg5 42. Nd6 Bg6 43. Rf2 Rd3 44. Ke1 Rh3 45. Nb7 Rh1+ 46. Kd2
Rb1 47. Ke3 Rd1 48. Nc5 Bf5 49. Rg2+ Kf6 50. Rd2 Rxd2 51. Kxd2 Ke5 52. Ke3 Bc8
53. Na4 Bd7 54. Nb6 Be6 55. Na4 Bd7 56. Nc5 Bc8 57. b4 cxb3 58. Nxb3 Bf5 59.
Nd4 Bd7 60. Nf3+ Kd6 61. Kd4 Bc8 62. Ne5 Be6 63. Ng6 Bf7 64. Nf4 Bg8 65. Nd3
Bh7 66. Nb4 Bg8 67. Na6 Bh7 68. Nc5 Bg6 69. Nb7+ Kc6 70. Nd8+ Kd7 71. Nb7 Kc6
72. Na5+ Kd6 73. Nb3 Be4 74. Nd2 Bg2 75. Nb3 Be4 76. Na1 Bf3 77. Nc2 Be4 78.
Ne3 Ke6 79. Nf1 Bg2 80. Ng3 Bf3 81. Kc5 Ke5 82. Nf1 Kf4 83. Kd4 Kf5 84. Kc5 Ke4
85. Kb4 Kd3 86. Ng3 d4 87. c4 Kc2 88. Nf5 Kd3 89. Kc5 Bh5 90. Kb5 Kc3 91. c5 d3
92. c6 Be8 93. Nd6 Bxc6+ 94. Kxc6 Kd4 95. Nb5+ Kc4 96. Nd6+ Kd4 97. Nb5+ Ke3
98. Kc5 d2 99. Nc3 Kd3 100. Kb4 Kc2 101. Kc4 d1=Q 102. Nxd1 {
Game drawn because neither player has mating material} 1/2-1/2

[Event "World Scholastic team cup"]
[Site "Internet Chess Club"]
[Date "2002.12.08"]
[Round "9"]
[White "Gong, Qianyun"]
[Black "Inzerilli, Carla"]
[Result "1-0"]
[WhiteElo "1765"]
[BlackElo "1400"]
[PlyCount "87"]
[EventDate "2002.??.??"]
[WhiteTeam "Jinan"]
[BlackTeam "Lenguas_Vivas"]

1. e4 c5 2. Nf3 Nc6 3. d4 cxd4 4. Nxd4 Nxd4 5. Qxd4 Nf6 6. e5 Ng8 7. Nc3 d6 8.
Bb5+ Bd7 9. exd6 Bxb5 10. Nxb5 exd6 11. O-O Nf6 12. Re1+ Be7 13. Qxd6 Kf8 14.
Qxd8+ Rxd8 15. Nxa7 Bc5 16. Be3 Bxe3 17. Rxe3 g6 18. Nb5 Kg7 19. Rae1 Rd5 20.
c4 Rd2 21. R3e2 Rd3 22. b3 Rhd8 23. g3 h5 24. Kg2 Ng4 25. h3 Nf6 26. Re7 b6 27.
Nc7 Kg8 28. R1e2 Rd1 29. Ne8 Nh7 30. Nc7 Nf6 31. R7e5 R1d2 32. Nb5 Kg7 33. Nc3
R2d3 34. Na4 R8d6 35. Re7 Rd2 36. Rxd2 Rxd2 37. Nxb6 Rxa2 38. c5 Rb2 39. Re3
Rc2 40. Nc4 Nd5 41. Rd3 Nb4 42. Rd7 Rc3 43. Rb7 Rc2 44. Rxb4 {Black resigns}
1-0

[Event "World Scholastic team cup"]
[Site "Internet Chess Club"]
[Date "2002.12.08"]
[Round "9"]
[White "Kingstone, Ignacio"]
[Black "Li, Shilong"]
[Result "0-1"]
[WhiteElo "1400"]
[BlackElo "1400"]
[PlyCount "48"]
[EventDate "2002.??.??"]
[WhiteTeam "Lenguas_Vivas"]
[BlackTeam "Jinan"]

1. e4 e6 2. Nf3 d5 3. d3 c5 4. exd5 exd5 5. Qe2+ Be7 6. Qe5 Nf6 7. Bg5 Nc6 8.
Qc3 d4 9. Qd2 O-O 10. Bxf6 Bxf6 11. Na3 Bg4 12. Be2 Re8 13. O-O Qd7 14. h3 Bf5
15. Nh4 Bxh4 16. Bf3 Ne5 17. Rae1 Nxf3+ 18. gxf3 Bxh3 19. Rxe8+ Rxe8 20. Re1
Rxe1+ 21. Qxe1 h6 22. Qe4 Qd8 23. Qxb7 Qg5+ 24. Kh2 Qg2# {White checkmated} 0-1

[Event "World Scholastic team cup"]
[Site "Internet Chess Club"]
[Date "2002.12.08"]
[Round "9"]
[White "Joe"]
[Black "Cavalli, Facundo"]
[Result "1/2-1/2"]
[WhiteElo "1400"]
[BlackElo "1400"]
[PlyCount "60"]
[EventDate "2002.??.??"]
[WhiteTeam "Jinan"]
[BlackTeam "Lenguas_Vivas"]

1. e4 c5 2. Nf3 Nc6 3. d4 cxd4 4. Nxd4 e5 5. Nb5 a6 6. Nd6+ Bxd6 7. Qxd6 Qf6 8.
Qxf6 Nxf6 9. Nc3 d5 10. exd5 Nb4 11. Bd3 Nbxd5 12. Nxd5 Nxd5 13. Bd2 Be6 14.
O-O-O f5 15. f3 Kf7 16. Rhe1 Kf6 17. c4 Rhc8 18. Kb1 Nf4 19. Bxf4 exf4 20. b3
Re8 21. Bc2 Rad8 22. Kb2 g6 23. Kc3 a5 24. Rd3 Rxd3+ 25. Bxd3 b6 26. a3 Rc8 27.
Kd4 Rd8+ 28. Kc3 Rc8 29. Rc1 Ke5 30. Re1+ Kf6 {Game drawn by repetition}
1/2-1/2

[Event "World Scholastic team cup"]
[Site "Internet Chess Club"]
[Date "2002.12.08"]
[Round "10"]
[White "Li, Shilong"]
[Black "Debarnot, Gonzalo"]
[Result "1-0"]
[WhiteElo "1400"]
[BlackElo "1183"]
[PlyCount "65"]
[EventDate "2002.??.??"]
[WhiteTeam "Jinan"]
[BlackTeam "Escuela_Cangallo"]

1. d4 d5 2. c4 Nf6 3. Nc3 c6 4. Nf3 e6 5. Bg5 Be7 6. e3 h6 7. Bf4 Nbd7 8. h3 a6
9. c5 O-O 10. b4 b6 11. Rc1 a5 12. b5 cxb5 13. c6 Nb8 14. c7 Qd7 15. cxb8=Q
Rxb8 16. Bxb8 Ba6 17. Bg3 Rc8 18. Bd3 Bb4 19. Qb3 Ne4 20. Bxe4 dxe4 21. Ne5 Qd5
22. Qb2 f6 23. O-O Bxc3 24. Rxc3 fxe5 25. Rxc8+ Bxc8 26. Bxe5 Ba6 27. Rc1 b4
28. Rc7 g6 29. Qc2 Bb5 30. Rg7+ Kf8 31. Qc7 Bd7 32. Qd8+ Be8 33. Qe7# {
Black checkmated} 1-0

[Event "World Scholastic team cup"]
[Site "Internet Chess Club"]
[Date "2002.12.08"]
[Round "10"]
[White "Jimenez Espada, Rocio"]
[Black "Hong, Jiarong"]
[Result "1-0"]
[WhiteElo "1221"]
[BlackElo "1400"]
[PlyCount "37"]
[EventDate "2002.??.??"]
[WhiteTeam "Escuela_Cangallo"]
[BlackTeam "Jinan"]

1. e4 e5 2. Bc4 Nf6 3. Nc3 Be7 4. Nf3 d6 5. d3 h6 6. O-O Nc6 7. Be3 Ng4 8. h3
Nxe3 9. fxe3 Bd7 10. d4 Qc8 11. Qe2 Be6 12. d5 Bxh3 13. dxc6 Bg4 14. cxb7 Qxb7
15. Bd5 c6 16. Bxf7+ Kd8 17. Bb3 Rf8 18. Qd2 Kd7 19. Nxe5+ {Black resigns} 1-0

[Event "World Scholastic team cup"]
[Site "Internet Chess Club"]
[Date "2002.12.08"]
[Round "10"]
[White "Xu, Tong"]
[Black "Beade, Matias"]
[Result "1-0"]
[WhiteElo "1400"]
[BlackElo "952"]
[PlyCount "31"]
[EventDate "2002.??.??"]
[WhiteTeam "Jinan"]
[BlackTeam "Escuela_Cangallo"]

1. d4 Nc6 2. c4 e6 3. Nc3 Nf6 4. e4 d5 5. e5 Ng4 6. Qxg4 dxc4 7. Nf3 f5 8. exf6
gxf6 9. Bxc4 Qd6 10. O-O f5 11. Qh5+ Kd8 12. Nb5 Qe5 13. dxe5 Nxe5 14. Nxe5 c6
15. Rd1+ Ke7 16. Qf7# {Black checkmated} 1-0